[Event "BL 1819 SV Hockenheim - SV 1920 Hofheim"]
[Site "?"]
[Date "2018.11.24"]
[Round "3.3"]
[White "Ginsburg, Gennadi"]
[Black "Moiseenko, Alexander"]
[Result "1-0"]
[WhiteElo "2418"]
[BlackElo "2648"]
[PlyCount "101"]
[EventDate "2018.??.??"]

1. d4 Nf6 2. Nf3 e6 3. c4 Bb4+ 4. Nbd2 O-O 5. e3 b6 6. Bd3 Bb7 7. O-O d5 8. a3
Be7 9. b4 c5 10. bxc5 bxc5 11. Rb1 Ba6 12. Qc2 Nbd7 13. Ne5 cxd4 14. Nc6 Qe8
15. exd4 dxc4 16. Nxc4 Nb6 17. Nxb6 Bxd3 18. Qxd3 axb6 19. Nxe7+ Qxe7 20. Rxb6
Nd5 21. Rb3 Rfb8 22. Rd1 h6 23. Rxb8+ Rxb8 24. Bxh6 Ra8 25. Bc1 Qb7 26. h4 Qc6
27. h5 Qa4 28. h6 g6 29. Re1 Kh7 30. Qe4 Qa5 31. Qe5 Rg8 32. Kh2 Qc3 33. Bg5
Qxa3 34. Rb1 Qa7 35. Rb3 Qd7 36. g3 f6 37. Bxf6 Qf7 38. Rf3 g5 39. Qe4+ Qg6 40.
Qxe6 g4 41. Rf5 Qxh6+ 42. Kg2 Nxf6 43. Rxf6 Qh3+ 44. Kg1 Qh5 45. Rf7+ Rg7 46.
Qe4+ Kh8 47. Qe8+ Rg8 48. Qe7 Rg7 49. Qd8+ Kh7 50. Qh4 Qxh4 51. Rxg7+ 1-0

[Event "BL 1819 SV Hockenheim - SV 1920 Hofheim"]
[Site "?"]
[Date "2018.11.24"]
[Round "3.4"]
[White "Braun, Arik"]
[Black "Womacka, Mathias"]
[Result "1-0"]
[WhiteElo "2605"]
[BlackElo "2449"]
[PlyCount "117"]
[EventDate "2018.??.??"]

1. Nf3 c5 2. c4 Nf6 3. Nc3 e6 4. d4 cxd4 5. Nxd4 Bb4 6. g3 O-O 7. Bg2 d5 8.
cxd5 Nxd5 9. Bd2 Nxc3 10. Bxc3 Bxc3+ 11. bxc3 e5 12. Nb3 Qc7 13. O-O Nd7 14.
Qd5 Nf6 15. Qc5 Qxc5 16. Nxc5 Rb8 17. Rfd1 b6 18. Nd3 e4 19. Ne5 Be6 20. Nc6
Rb7 21. Nd4 Rc7 22. Nb5 Rc5 23. a4 a6 24. Nd6 e3 25. fxe3 Rxc3 26. Bb7 Rxe3 27.
Bxa6 Rb3 28. Nb5 Bd7 29. Rd6 Re8 30. Rxb6 Rxe2 31. Rb8+ Ne8 32. Rd8 Rbb2 33.
Rxd7 Rg2+ 34. Kf1 Rgf2+ 35. Ke1 Rfe2+ 36. Kd1 Rg2 37. Re7 Kf8 38. Re5 Rxh2 39.
Nc3 Nc7 40. Bc4 Rbd2+ 41. Ke1 Rc2 42. Re3 h5 43. Rd1 g5 44. Be2 h4 45. gxh4
Rxh4 46. Kf2 Rc4 47. Rdd3 Ne6 48. Ke1 Rc5 49. Kd1 Rb2 50. Rd5 Rxe2 51. Rxe2
Rxc3 52. Ra2 g4 53. a5 g3 54. Rdd2 Nf4 55. a6 g2 56. Rxg2 Nxg2 57. a7 Rc8 58.
Rb2 Rd8+ 59. Kc1 1-0

[Event "BL 1819 SV Hockenheim - SV 1920 Hofheim"]
[Site "?"]
[Date "2018.11.24"]
[Round "3.5"]
[White "Gurevich, Vladimir"]
[Black "Baramidze, David"]
[Result "1-0"]
[WhiteElo "2469"]
[BlackElo "2614"]
[PlyCount "65"]
[EventDate "2018.??.??"]

1. e4 e5 2. Nf3 Nc6 3. Bc4 Bc5 4. O-O d6 5. c3 Nf6 6. d3 a6 7. Bb3 O-O 8. h3
Ba7 9. Re1 Re8 10. Nbd2 Be6 11. Nf1 h6 12. Bxe6 Rxe6 13. Be3 d5 14. Bxa7 Rxa7
15. Qc2 Ra8 16. Rad1 Qd7 17. d4 exd4 18. e5 Ne4 19. Nxd4 Rg6 20. Nxc6 Qxc6 21.
Ne3 Rd8 22. Rxd5 Rxd5 23. Nxd5 Qxd5 24. Qxe4 Qd2 25. Re2 Qc1+ 26. Kh2 Rb6 27.
Rc2 Qb1 28. b3 a5 29. Re2 Qd1 30. Re3 Qf1 31. f4 Qf2 32. f5 Rb5 33. e6 1-0

[Event "BL 1819 SV Hockenheim - SV 1920 Hofheim"]
[Site "?"]
[Date "2018.11.24"]
[Round "3.6"]
[White "Buhmann, Rainer"]
[Black "Margolin, Boris"]
[Result "1/2-1/2"]
[WhiteElo "2574"]
[BlackElo "2386"]
[PlyCount "97"]
[EventDate "2018.??.??"]

1. d4 d5 2. c4 c6 3. Nf3 Nf6 4. e3 g6 5. Nc3 Bg7 6. Be2 O-O 7. O-O b6 8. a4 Bb7
9. a5 e6 10. b4 dxc4 11. Bxc4 Nd5 12. Nxd5 exd5 13. Be2 Re8 14. Bd2 b5 15. Ne5
a6 16. Rc1 f6 17. Nd3 Bc8 18. g3 Ra7 19. Nf4 Be6 20. Bd3 Bf7 21. h4 Qd6 22. Kg2
f5 23. Qc2 Bh6 24. Ne2 Rc7 25. h5 Nd7 26. hxg6 hxg6 27. Rh1 Bg7 28. Nf4 Nf6 29.
f3 Qd8 30. Bf1 g5 31. Nd3 g4 32. f4 Ne4 33. Ne5 Bxe5 34. fxe5 Bg6 35. Bd3 Kg7
36. Rh4 Rh8 37. Rch1 Rh7 38. Bxe4 fxe4 39. Qd1 Rxh4 40. Rxh4 Bf5 41. Qf1 Qg5
42. Qf4 Kg6 43. Rh8 Rc8 44. Rxc8 Bxc8 45. Qf8 Qf5 46. Qe8+ Kg7 47. Qe7+ Qf7 48.
Qg5+ Kh7 49. Qf6 1/2-1/2

[Event "BL 1819 SV Hockenheim - SV 1920 Hofheim"]
[Site "?"]
[Date "2018.11.24"]
[Round "3.7"]
[White "Zude, Erik"]
[Black "Wagner, Dennis"]
[Result "1/2-1/2"]
[WhiteElo "2403"]
[BlackElo "2576"]
[PlyCount "308"]
[EventDate "2018.??.??"]

1. d4 Nf6 2. c4 g6 3. g3 c6 4. Nc3 d5 5. cxd5 cxd5 6. Bg2 Bg7 7. Nf3 O-O 8. Ne5
Bf5 9. O-O Ne4 10. Qb3 Nc6 11. Be3 Nxc3 12. bxc3 Nxe5 13. dxe5 Bxe5 14. Rad1
Qc7 15. Qxd5 b6 16. Bd4 Bxd4 17. cxd4 Rac8 18. Qf3 Qc3 19. Qf4 Rfd8 20. h4 Bc2
21. Rd2 e5 22. Qg5 Rxd4 23. Rxd4 Qxd4 24. Qf6 h5 25. e3 Qd7 26. Qxe5 Rc5 27.
Qb2 Bf5 28. Rc1 Qb5 29. Qd2 Qd7 30. Qe1 Be6 31. Rd1 Qc7 32. a3 Bb3 33. Rb1 Rc3
34. Qd2 Qc5 35. Qd7 a5 36. Kh2 a4 37. Rb2 Qxa3 38. Qd8+ Kh7 39. Rd2 Rc2 40.
Rxc2 Bxc2 41. Qxb6 Qc3 42. Bd5 Bb3 43. e4 Qf3 44. Qa7 a3 45. Qxa3 Qxf2+ 46. Kh1
Qe1+ 47. Kg2 Qd2+ 48. Kg1 Qd4+ 49. Kg2 Bxd5 50. exd5 Qxd5+ 51. Kg1 Qd4+ 52. Kg2
Qd2+ 53. Kg1 Qe1+ 54. Kg2 Qe2+ 55. Kg1 Kg7 56. Qc3+ Kf8 57. Qc7 Qb2 58. Qd8+
Kg7 59. Qd6 Qf6 60. Qc5 Qa1+ 61. Kg2 Qb2+ 62. Kg1 Kf6 63. Qc6+ Ke7 64. Qc7+ Kf8
65. Qc5+ Kg7 66. Qd6 Qc3 67. Kg2 Qc2+ 68. Kg1 Qe4 69. Qb6 Qe5 70. Kg2 Qd5+ 71.
Kg1 Kf8 72. Qc7 Ke8 73. Kh2 Qd2+ 74. Kg1 Qe1+ 75. Kg2 Qe4+ 76. Kg1 f6 77. Kh2
Qe2+ 78. Kg1 Qe5 79. Qc6+ Ke7 80. Kh2 Qe2+ 81. Kg1 Qd1+ 82. Kh2 Qd2+ 83. Kg1
Qd6 84. Qe4+ Kf7 85. Qc4+ Qe6 86. Qc7+ Ke8 87. Qb8+ Ke7 88. Qb7+ Qd7 89. Qe4+
Kf7 90. Qc4+ Kg7 91. Kg2 Qd2+ 92. Kg1 g5 93. hxg5 Qxg5 94. Kh2 Qd2+ 95. Kg1 Kh6
96. Qe4 Qc1+ 97. Kg2 Qb2+ 98. Kh3 Qc1 99. Kh2 Qg5 100. Qe8 Qe5 101. Qg8 Qe4
102. Qh8+ Kg5 103. Qg8+ Qg6 104. Qd5+ Qf5 105. Qg8+ Qg6 106. Qd5+ Kh6 107. Qd8
Qc2+ 108. Kh3 Qf5+ 109. Kg2 Qe4+ 110. Kh2 Qe2+ 111. Kh3 Qe6+ 112. Kh2 Kg6 113.
Qa8 Kg5 114. Qf3 Qe5 115. Qb7 Kg4 116. Qd7+ Kf3 117. Qc6+ Kf2 118. Qb6+ Kf1
119. Qg1+ Ke2 120. Qg2+ Ke1 121. Qg1+ Kd2 122. Qb6 Ke2 123. Qa6+ Ke1 124. Qc6
Ke2 125. Qc2+ Ke3 126. Qc1+ Kf2 127. Qg1+ Ke2 128. Qg2+ Ke1 129. Qc6 Qe2+ 130.
Kh3 Qg4+ 131. Kg2 Qd4 132. Qe6+ Qe5 133. Qc6 Kd2 134. Qa8 Qe2+ 135. Kh3 Qg4+
136. Kg2 Qe2+ 137. Kh3 Qe6+ 138. Kg2 Qe5 139. Qc6 Kd3 140. Qf3+ Kc4 141. Qf1+
Kc5 142. Qc1+ Kd6 143. Qc2 Qd4 144. Kh2 Kd5 145. Qf5+ Qe5 146. Qf3+ Kd4 147.
Qd1+ Ke3 148. Qe1+ Kf3 149. Qf1+ Kg4 150. Qd1+ Kg5 151. Qd2+ Kg6 152. Qd3+ f5
153. Qd8 Qe6 154. Kg2 Qe2+ 1/2-1/2

[Event "BL 1819 SV Hockenheim - SV 1920 Hofheim"]
[Site "?"]
[Date "2018.11.24"]
[Round "3.8"]
[White "Banusz, Tamas"]
[Black "Weber, Ulrich"]
[Result "1-0"]
[WhiteElo "2606"]
[BlackElo "2347"]
[PlyCount "80"]
[EventDate "2018.??.??"]

1. Nf3 Nf6 2. g3 g6 3. Bg2 Bg7 4. c4 c6 5. O-O O-O 6. d4 d5 7. Qb3 a5 8. cxd5
a4 9. Qd1 cxd5 10. Nc3 Qa5 11. Bd2 Nc6 12. e3 e6 13. Re1 Bd7 14. Ne5 Qa7 15.
Nxd7 Nxd7 16. Rc1 Nb6 17. Nb5 Qb8 18. Bf1 Qd8 19. Qc2 Re8 20. a3 Rc8 21. Qd1
Qd7 22. f4 h5 23. Bd3 Bf8 24. Qe2 Ra8 25. Rc2 Rec8 26. Rec1 Rd8 27. Be1 Nc8 28.
h3 Nd6 29. Nxd6 Bxd6 30. Bb5 Rdc8 31. Rc3 Rc7 32. Qc2 h4 33. g4 Qe7 34. Qf2 g5
35. fxg5 Bg3 36. Qf6 Qd6 37. Bd2 Bh2+ 38. Kh1 Bg3 39. Bd3 Rac8 40. Qh6 Nd8 1-0

[Event "BL 1819 BCA Augsburg - Hamburger SK"]
[Site "?"]
[Date "2018.11.24"]
[Round "3.1"]
[White "Svane, Rasmus"]
[Black "Kulaots, Kaido"]
[Result "1/2-1/2"]
[WhiteElo "2600"]
[BlackElo "2551"]
[PlyCount "64"]
[EventDate "2018.??.??"]

1. d4 Nf6 2. c4 g6 3. Nc3 d5 4. Bf4 Bg7 5. e3 O-O 6. cxd5 Nxd5 7. Nxd5 Qxd5 8.
Bxc7 Na6 9. Bxa6 Qxg2 10. Qf3 Qxf3 11. Nxf3 bxa6 12. Rc1 f6 13. Rg1 Rf7 14. b3
Bf8 15. Nd2 Bb7 16. Ke2 e6 17. f3 Ba3 18. Rc3 Bb4 19. Rcc1 Bxd2 20. Kxd2 Bxf3
21. Rc5 Be4 22. Rgc1 g5 23. Bd6 Kg7 24. Rc8 Rxc8 25. Rxc8 h5 26. Rc7 h4 27. Ke1
a5 28. Rxf7+ Kxf7 29. Bc7 Bb1 30. a3 Bc2 31. Bxa5 Bxb3 32. Bd8 Kg6 1/2-1/2

[Event "BL 1819 BCA Augsburg - Hamburger SK"]
[Site "?"]
[Date "2018.11.24"]
[Round "3.2"]
[White "Laznicka, Viktor"]
[Black "Huschenbeth, Niclas"]
[Result "0-1"]
[WhiteElo "2668"]
[BlackElo "2586"]
[PlyCount "54"]
[EventDate "2018.??.??"]

1. c4 e6 2. Nf3 d5 3. g3 Nf6 4. Bg2 Be7 5. d4 O-O 6. Qc2 dxc4 7. Nbd2 Bd7 8.
Qxc4 Bc6 9. O-O Na6 10. a3 Bd5 11. Qd3 c5 12. e4 Bc6 13. Re1 Rc8 14. e5 Nd5 15.
Ne4 h6 16. g4 f5 17. gxf5 Rxf5 18. Bh3 Qf8 19. Kg2 Kh8 20. Bxf5 Qxf5 21. h3
Qg6+ 22. Kh2 Rf8 23. Bd2 Nf4 24. Bxf4 Rxf4 25. Nxc5 Qh5 26. Nxe6 Rxf3 27. Qf1
Qf5 0-1

[Event "BL 1819 BCA Augsburg - Hamburger SK"]
[Site "?"]
[Date "2018.11.24"]
[Round "3.3"]
[White "Kempinski, Robert"]
[Black "Postny, Evgeny"]
[Result "1/2-1/2"]
[WhiteElo "2574"]
[BlackElo "2617"]
[PlyCount "108"]
[EventDate "2018.??.??"]

1. d4 d5 2. c4 c6 3. e3 Nf6 4. Nf3 Bf5 5. Nc3 e6 6. Nh4 Bg6 7. Nxg6 hxg6 8. Bd2
Nbd7 9. g3 Bd6 10. Qb3 Rb8 11. Bg2 O-O 12. O-O Qe7 13. Rfe1 dxc4 14. Qxc4 Nb6
15. Qb3 e5 16. dxe5 Bxe5 17. Rad1 Rfd8 18. Ne2 Rd7 19. Nf4 Bxf4 20. exf4 Qf8
21. Bb4 Rxd1 22. Rxd1 Qe8 23. Re1 Qd8 24. Bc5 Nbd5 25. Rd1 Qa5 26. Bd4 Nb6 27.
Bf3 Re8 28. Kg2 Nfd5 29. h4 Nf6 30. a3 Nfd5 31. Be5 Qc5 32. Bd4 Qa5 33. Qc2 Nf6
34. Bxf6 gxf6 35. h5 Qf5 36. Qxf5 gxf5 37. b3 Kg7 38. a4 a5 39. Kf1 Re7 40. Rc1
Nd7 41. Bd1 Kh6 42. Rc3 Re6 43. Bc2 Kxh5 44. Bxf5 Re7 45. Rd3 Nc5 46. Rc3 b6
47. Rc4 Rc7 48. Rc3 Kh6 49. Ke2 Re7+ 50. Kd2 Re8 51. Bc2 Rd8+ 52. Ke3 Re8+ 53.
Kd2 Rd8+ 54. Ke3 Re8+ 1/2-1/2

[Event "BL 1819 BCA Augsburg - Hamburger SK"]
[Site "?"]
[Date "2018.11.24"]
[Round "3.4"]
[White "Prusikin, Michael"]
[Black "Lampert, Jonas"]
[Result "1/2-1/2"]
[WhiteElo "2510"]
[BlackElo "2547"]
[PlyCount "44"]
[EventDate "2018.??.??"]

1. e4 e5 2. Nf3 Nc6 3. Bc4 Nf6 4. d3 Bc5 5. c3 d6 6. a4 a5 7. O-O h6 8. Na3 O-O
9. Nc2 Ba7 10. Be3 Qe7 11. Bxa7 Rxa7 12. Ne3 Be6 13. Nd5 Qd8 14. Re1 Bxd5 15.
exd5 Ne7 16. d4 e4 17. Nd2 Nexd5 18. Bxd5 Nxd5 19. Nxe4 Ra8 20. Qb3 Nb6 21. Qb5
Qd7 22. Qxd7 Nxd7 1/2-1/2

[Event "BL 1819 BCA Augsburg - Hamburger SK"]
[Site "?"]
[Date "2018.11.24"]
[Round "3.5"]
[White "Ernst, Sipke"]
[Black "Arnaudov, G. Petar"]
[Result "1-0"]
[WhiteElo "2535"]
[BlackElo "2459"]
[PlyCount "85"]
[EventDate "2018.??.??"]

1. Nf3 Nf6 2. c4 e6 3. g3 d5 4. Bg2 Be7 5. O-O O-O 6. b3 b6 7. Bb2 Bb7 8. e3 c5
9. Nc3 Qc8 10. d3 Rd8 11. Qe2 Nc6 12. Rac1 d4 13. exd4 Nxd4 14. Nxd4 Bxg2 15.
Kxg2 cxd4 16. Nb5 Qc6+ 17. Kg1 Bc5 18. f4 Rd7 19. h3 Re8 20. Qg2 Qc8 21. Rce1
Kh8 22. Kh1 Ng8 23. Re4 Ne7 24. b4 Bxb4 25. Nxd4 Red8 26. Nc2 Ba5 27. Rd4 Nf5
28. Rxd7 Qxd7 29. d4 Qa4 30. g4 Nd6 31. Ne3 Nxc4 32. Nxc4 Qxc4 33. Rc1 Qxa2 34.
Rc7 h6 35. Kh2 Bb4 36. Rxf7 Rf8 37. d5 e5 38. Rxf8+ Bxf8 39. fxe5 Bc5 40. d6
Qf7 41. Qd2 Qf8 42. d7 Be7 43. Ba3 1-0

[Event "BL 1819 BCA Augsburg - Hamburger SK"]
[Site "?"]
[Date "2018.11.24"]
[Round "3.6"]
[White "Rozentalis, Eduardas"]
[Black "Heinemann, Thies"]
[Result "1-0"]
[WhiteElo "2524"]
[BlackElo "2521"]
[PlyCount "103"]
[EventDate "2018.??.??"]

1. e4 c5 2. Nf3 d6 3. Bb5+ Nd7 4. Ba4 Ngf6 5. O-O g6 6. Re1 Bg7 7. c3 O-O 8. d4
cxd4 9. cxd4 Nb6 10. Bb3 Bg4 11. Nbd2 d5 12. e5 Ne8 13. h3 Bd7 14. Nf1 Nc7 15.
Ne3 a5 16. h4 a4 17. Bc2 Nc4 18. Ng5 Nxe3 19. Rxe3 Ra6 20. h5 h6 21. Nh3 Qc8
22. Nf4 Bf5 23. Rc3 Qd7 24. hxg6 fxg6 25. Bxf5 Rxf5 26. Qg4 Kh7 27. Be3 Nb5 28.
Rc5 h5 29. Qg3 Qe8 30. Rac1 Bh6 31. Nxd5 Nxd4 32. Bxd4 Bxc1 33. Rxc1 Qd7 34.
Rc5 b6 35. e6 Qe8 36. Rc7 Rxd5 37. Bf6 b5 38. Rxe7+ Qxe7 39. Bxe7 Rxe6 40. Qc7
Re1+ 41. Kh2 Red1 42. Bf6+ Rd7 43. Qc8 g5 44. Bxg5 Kg6 45. Be3 R1d5 46. Qc6+
R7d6 47. Qe8+ Kg7 48. Bf4 Rd7 49. Be5+ Kh6 50. Qh8+ Kg6 51. Qf6+ Kh7 52. f4 1-0

[Event "BL 1819 BCA Augsburg - Hamburger SK"]
[Site "?"]
[Date "2018.11.24"]
[Round "3.7"]
[White "Sebastian, Dirk"]
[Black "Nestorovic, Nikola"]
[Result "1-0"]
[WhiteElo "2442"]
[BlackElo "2455"]
[PlyCount "81"]
[EventDate "2018.??.??"]

1. e4 c5 2. Nc3 Nc6 3. Nge2 g6 4. d4 cxd4 5. Nxd4 Bg7 6. Be3 Nf6 7. Bc4 O-O 8.
Bb3 Re8 9. O-O d6 10. h3 Na5 11. Re1 b6 12. Bg5 Nxb3 13. axb3 h6 14. Bh4 Bb7
15. Qd3 a6 16. Nd5 Nh7 17. c3 g5 18. Bg3 e6 19. Nb4 Nf6 20. Nxa6 Qc8 21. Nb4
Rxa1 22. Rxa1 Nxe4 23. Qb5 Nxg3 24. fxg3 Bxd4+ 25. cxd4 Be4 26. Re1 Ba8 27. Kh2
Rd8 28. h4 Qd7 29. Qe2 Kg7 30. Qf2 Rf8 31. d5 Qb5 32. Qd4+ e5 33. Qd2 gxh4 34.
gxh4 f5 35. Rc1 Qd7 36. Nc6 Rc8 37. Qc3 Qf7 38. Qg3+ Kf6 39. Nxe5 Qg8 40. Nd7+
Kf7 41. Rxc8 1-0

[Event "BL 1819 BCA Augsburg - Hamburger SK"]
[Site "?"]
[Date "2018.11.24"]
[Round "3.8"]
[White "Pitl, Gregory"]
[Black "Carlstedt, Jonathan"]
[Result "1-0"]
[WhiteElo "2387"]
[BlackElo "2418"]
[PlyCount "121"]
[EventDate "2018.??.??"]

1. d4 Nf6 2. Bg5 Ne4 3. Bf4 d5 4. e3 Nd7 5. Bd3 e6 6. Bxe4 dxe4 7. Nc3 Nf6 8.
Qe2 Bd7 9. O-O-O Bb4 10. Qc4 Bxc3 11. Qxc3 Nd5 12. Qe1 b5 13. f3 Qf6 14. fxe4
Nxf4 15. exf4 Qxf4+ 16. Kb1 O-O 17. Nh3 Qh6 18. Qg3 Rac8 19. Nf4 Bc6 20. Rhe1
Rfd8 21. Rd3 Qf6 22. Nh5 Qh6 23. Qe5 Bxe4 24. Rg3 Bg6 25. Nf4 Qh4 26. d5 Qf6
27. Qxf6 gxf6 28. dxe6 fxe6 29. Nxe6 Rd2 30. Nf4 Rcd8 31. Nd3 c5 32. Kc1 R2xd3
33. cxd3 Kf7 34. Ree3 a5 35. Rgf3 Rd4 36. b3 a4 37. Kb2 axb3 38. axb3 Rb4 39.
Kc3 Kg7 40. Rf2 Bf7 41. Rg3+ Kf8 42. Rb2 h5 43. Rf3 Rg4 44. b4 cxb4+ 45. Rxb4
Rxg2 46. h3 Rg5 47. Rxf6 Kg7 48. Rb6 Rg3 49. R4xb5 Rxh3 50. Rg5+ Kh7 51. Kd4
Rf3 52. Ke4 Rf1 53. d4 Re1+ 54. Kf5 Be8 55. Kf6 Kh6 56. Rg8 Kh7 57. Rg5 Kh6 58.
Re5 Rf1+ 59. Ke7+ Bg6 60. d5 h4 61. Rb4 1-0

[Event "BL 1819 MSA Zugzwang - SG Turm Kiel"]
[Site "?"]
[Date "2018.11.24"]
[Round "3.9"]
[White "Salgado Lopez, Ivan"]
[Black "Mons, Leon"]
[Result "1/2-1/2"]
[WhiteElo "2624"]
[BlackElo "2554"]
[PlyCount "49"]
[EventDate "2018.??.??"]

1. e4 e5 2. Nf3 Nc6 3. Bb5 g6 4. O-O Bg7 5. c3 a6 6. Ba4 d6 7. d4 b5 8. Bb3
exd4 9. Nxd4 Bb7 10. Nxc6 Bxc6 11. Re1 Ne7 12. Nd2 O-O 13. Nf3 Qd7 14. Bf4 Rae8
15. Qd2 Nc8 16. Bh6 Nb6 17. Qf4 Na4 18. Bxg7 Kxg7 19. Bxa4 bxa4 20. Nd4 Re5 21.
Re3 Rfe8 22. Rae1 d5 23. Nxc6 Qxc6 24. exd5 Rxd5 25. h4 1/2-1/2

[Event "BL 1819 MSA Zugzwang - SG Turm Kiel"]
[Site "?"]
[Date "2018.11.24"]
[Round "3.10"]
[White "Hertneck, Gerald"]
[Black "Dziuba, Marcin"]
[Result "1/2-1/2"]
[WhiteElo "2492"]
[BlackElo "2574"]
[PlyCount "134"]
[EventDate "2018.??.??"]

1. d4 d5 2. Nf3 Nf6 3. c4 e6 4. Nc3 c6 5. e3 Nbd7 6. Bd3 dxc4 7. Bxc4 b5 8. Bd3
Bd6 9. O-O O-O 10. Ng5 Bb7 11. f4 h6 12. e4 hxg5 13. e5 g4 14. exf6 Nxf6 15.
Be3 b4 16. Na4 Nd5 17. Qd2 Qa5 18. Nc5 Bxc5 19. dxc5 Ba6 20. Bxa6 Qxa6 21. Bd4
f6 22. Qd1 f5 23. Qb3 Rf7 24. Rae1 Re8 25. Be5 Qb5 26. Bd6 a5 27. Rf2 a4 28.
Qd1 b3 29. axb3 Qxb3 30. Qxb3 axb3 31. Rfe2 Ra7 32. Rxe6 Rxe6 33. Rxe6 Kf7 34.
Re2 Ra4 35. Kf2 Rc4 36. Rd2 Nxf4 37. Bxf4 Rxf4+ 38. Kg3 Rc4 39. Rd3 Rxc5 40.
Rxb3 Kf6 41. Rb6 Kg5 42. h4+ gxh3 43. Kxh3 Kf4 44. g3+ Kf3 45. Kh4 Kg2 46. b4
Rc3 47. Kg5 Rf3 48. Rxc6 Kxg3 49. b5 f4 50. Rc4 g6 51. Rb4 Rc3 52. b6 Rc5+ 53.
Kxg6 Rc8 54. b7 Rb8 55. Kf5 f3 56. Rg4+ Kh2 57. Rh4+ Kg2 58. Rg4+ Kf1 59. Rg7
f2 60. Kg4 Rf8 61. Rf7 Rg8+ 62. Kf3 Kg1 63. Ke4 Rb8 64. Rg7+ Kf1 65. Kd5 Rf8
66. Rc7 Kg1 67. Rc1+ f1=Q 1/2-1/2

[Event "BL 1819 MSA Zugzwang - SG Turm Kiel"]
[Site "?"]
[Date "2018.11.24"]
[Round "3.11"]
[White "Khenkin, Igor"]
[Black "Zysk, Robert"]
[Result "1-0"]
[WhiteElo "2546"]
[BlackElo "2404"]
[PlyCount "119"]
[EventDate "2018.??.??"]

1. d4 e6 2. c4 Bb4+ 3. Nd2 Nf6 4. Ngf3 b6 5. a3 Bxd2+ 6. Qxd2 Bb7 7. e3 O-O 8.
Be2 d6 9. O-O Nbd7 10. b4 a5 11. Bb2 Qe7 12. Qc2 Be4 13. Qc3 axb4 14. axb4 c5
15. dxc5 bxc5 16. b5 Nb6 17. Qb3 Bb7 18. Nd2 Ne4 19. Nxe4 Bxe4 20. Ra6 Rxa6 21.
bxa6 Qa7 22. Rd1 Rd8 23. Qb5 h6 24. Rxd6 Rxd6 25. Qe8+ Kh7 26. Qf8 f6 27. Qxd6
Qxa6 28. Qxe6 Qb7 29. f3 Bg6 30. Kf2 Na4 31. Ba1 Qb3 32. Qe7 Nb2 33. Bxb2 Qxb2
34. Qd6 Qb4 35. Qd5 Qb2 36. g4 Kh8 37. h4 Kh7 38. h5 Bb1 39. f4 Kh8 40. Kf3 Qc1
41. Kf2 Qb2 42. Kf3 Qc1 43. Qd8+ Kh7 44. Bd3+ f5 45. gxf5 Qh1+ 46. Ke2 Qxh5+
47. Kd2 Bxd3 48. Qxd3 Kh8 49. Qd5 Qh4 50. Qxc5 Qf2+ 51. Kd3 Qf1+ 52. Kd4 Qa1+
53. Kd5 h5 54. Qf8+ Kh7 55. Qe8 Qd1+ 56. Kc5 Qg4 57. Qg6+ Kg8 58. Kd6 Qe2 59.
f6 Qd1+ 60. Ke7 1-0

[Event "BL 1819 MSA Zugzwang - SG Turm Kiel"]
[Site "?"]
[Date "2018.11.24"]
[Round "3.12"]
[White "Bromberger, Stefan"]
[Black "Rasmussen, Allan Stig"]
[Result "0-1"]
[WhiteElo "2474"]
[BlackElo "2543"]
[PlyCount "64"]
[EventDate "2018.??.??"]

1. e4 c6 2. d4 d5 3. e5 Bf5 4. h4 h5 5. Bd3 Bxd3 6. Qxd3 Qa5+ 7. Nd2 e6 8. b3
c5 9. Ngf3 Nc6 10. O-O cxd4 11. a3 Qc3 12. Qb5 Nge7 13. Rb1 a6 14. Qb6 Qxc2 15.
Bb2 Qd3 16. Qxb7 Rb8 17. Qc7 Qb5 18. Nxd4 Nxd4 19. Bxd4 Rc8 20. Qb6 Qxb6 21.
Bxb6 Nc6 22. Nf3 Rb8 23. Be3 Bxa3 24. Ra1 Rxb3 25. Rfb1 Rxb1+ 26. Rxb1 O-O 27.
Rb6 Rc8 28. Rxa6 Bb2 29. Rb6 Bc3 30. Bf4 Nd4 31. Nxd4 Bxd4 32. Rb4 Rc4 0-1

[Event "BL 1819 MSA Zugzwang - SG Turm Kiel"]
[Site "?"]
[Date "2018.11.24"]
[Round "3.13"]
[White "Jakubiec, Artur"]
[Black "Schramm, Christian"]
[Result "1/2-1/2"]
[WhiteElo "2508"]
[BlackElo "2371"]
[PlyCount "115"]
[EventDate "2018.??.??"]

1. e4 c6 2. Nf3 d5 3. Nc3 Nf6 4. e5 Ne4 5. h3 e6 6. Qe2 Nxc3 7. dxc3 Nd7 8. Bf4
Qa5 9. h4 Ba3 10. Bc1 Bf8 11. h5 h6 12. Rh4 Qc7 13. Bf4 Nc5 14. c4 Ne4 15. c3
Bd7 16. Nd2 Nxd2 17. Qxd2 dxc4 18. Bxc4 O-O-O 19. Qe2 c5 20. Rg4 Bc6 21. a4 Bd5
22. Kf1 Bxc4 23. Qxc4 Qd7 24. Be3 Qd5 25. Qxd5 Rxd5 26. f4 Rg8 27. Ke2 Be7 28.
c4 Rdd8 29. Rh1 Kc7 30. Rh3 Kc6 31. Rhg3 Bf8 32. Bd2 Rd4 33. b3 Rd7 34. Bc3 Rd8
35. Rd3 Rxd3 36. Kxd3 Be7 37. Ke4 Bd8 38. Rg3 Bh4 39. Rh3 Be7 40. g4 Rd8 41.
Rd3 Rxd3 42. Kxd3 g6 43. Ke4 gxh5 44. gxh5 Kb6 45. a5+ Kc6 46. Bd2 Kd7 47. f5
Bf8 48. f6 Kc6 49. a6 b6 50. Kd3 Kc7 51. Kc2 Kc6 52. Kb2 Kc7 53. Ka3 Kc6 54.
Ka4 Kc7 55. Kb5 Kd7 56. Be3 Kc7 57. Bf2 Kd7 58. Be3 1/2-1/2

[Event "BL 1819 MSA Zugzwang - SG Turm Kiel"]
[Site "?"]
[Date "2018.11.24"]
[Round "3.14"]
[White "Gerigk, Erasmus"]
[Black "Hector, Jonny"]
[Result "0-1"]
[WhiteElo "2355"]
[BlackElo "2495"]
[PlyCount "50"]
[EventDate "2018.??.??"]

1. e4 e5 2. Nf3 Nc6 3. Bc4 Nf6 4. d3 Bc5 5. c3 O-O 6. O-O d5 7. exd5 Nxd5 8.
Re1 Bg4 9. h3 Bh5 10. Nbd2 Nb6 11. Ne4 Nxc4 12. Nxc5 Nd6 13. Qe2 b6 14. Ne4 f5
15. Ng3 Bxf3 16. Qxf3 Qd7 17. Qd5+ Kh8 18. f4 Ne7 19. Qxe5 Ng6 20. Qd5 Rad8 21.
Be3 c5 22. Rad1 Qa4 23. Nh5 Nc8 24. Qb3 Qc6 25. Bc1 Nh4 0-1

[Event "BL 1819 MSA Zugzwang - SG Turm Kiel"]
[Site "?"]
[Date "2018.11.24"]
[Round "3.15"]
[White "Pakleza, Zbigniew"]
[Black "Hoffmeyer, Falk"]
[Result "1/2-1/2"]
[WhiteElo "2508"]
[BlackElo "2337"]
[PlyCount "77"]
[EventDate "2018.??.??"]

1. d4 d5 2. Bf4 Nf6 3. e3 e6 4. Nd2 Bd6 5. Bg3 b6 6. Ngf3 O-O 7. c3 c5 8. Ne5
Qc7 9. Bd3 Ba6 10. Bxa6 Nxa6 11. O-O Nb8 12. f4 Nc6 13. Qf3 Ne7 14. Bh4 Ne8 15.
g4 f6 16. Nd3 Qc6 17. dxc5 bxc5 18. c4 Nc7 19. e4 dxc4 20. Nxc4 Nb5 21. e5 Qxf3
22. Rxf3 Nd4 23. Rf2 Bc7 24. exf6 gxf6 25. Nxc5 Ng6 26. Bg3 Bxf4 27. Kg2 e5 28.
Rd1 Rac8 29. b4 Rfd8 30. a3 Bg5 31. Nb2 Nf4+ 32. Bxf4 exf4 33. Nbd3 f3+ 34. Kh3
Be3 35. Rff1 Ne2 36. Rxf3 Ng1+ 37. Rxg1 Bxg1 38. Rxf6 Bxc5 39. Nxc5 1/2-1/2

[Event "BL 1819 MSA Zugzwang - SG Turm Kiel"]
[Site "?"]
[Date "2018.11.24"]
[Round "3.16"]
[White "Lammers, Markus"]
[Black "Bromann, Thorbjorn"]
[Result "1-0"]
[WhiteElo "2298"]
[BlackElo "2396"]
[PlyCount "45"]
[EventDate "2018.??.??"]

1. Nf3 Nf6 2. c4 e6 3. e3 b6 4. Be2 Bb7 5. O-O Be7 6. b3 O-O 7. Bb2 d5 8. d4
Nbd7 9. cxd5 exd5 10. Nbd2 Re8 11. Ne5 Nxe5 12. dxe5 Nd7 13. f4 Bc5 14. Bd4 f6
15. Nf3 fxe5 16. fxe5 Bf8 17. h4 Be7 18. Bd3 c5 19. e6 Nf8 20. Bxg7 Kxg7 21.
Ne5 Bxh4 22. Rf7+ Kg8 23. Qh5 1-0

[Event "BL 1819 OSG Baden-Baden - USV TU Dresde"]
[Site "?"]
[Date "2018.11.24"]
[Round "3.5"]
[White "Boensch, Uwe"]
[Black "Bacrot, Etienne"]
[Result "0-1"]
[WhiteElo "2553"]
[BlackElo "2677"]
[PlyCount "128"]
[EventDate "2018.??.??"]

1. d4 d5 2. c4 e6 3. Nf3 Nf6 4. Nc3 Be7 5. Bg5 h6 6. Bxf6 Bxf6 7. e3 O-O 8. Qb3
c6 9. Rd1 Nd7 10. Bd3 g6 11. O-O Bg7 12. e4 dxc4 13. Bxc4 b5 14. Be2 a6 15. Qc2
Qe7 16. Rfe1 Bb7 17. Bf1 Rfd8 18. a4 Rac8 19. axb5 cxb5 20. Qb3 Nb6 21. h3 Bf8
22. Re3 Qb4 23. Qa2 h5 24. Ne5 Na4 25. Nxa4 Qxa4 26. Qxa4 bxa4 27. Nc4 Rc7 28.
Na5 Ba8 29. Nc4 Bc5 30. Red3 Ba7 31. Ra3 Bxe4 32. Ne3 Rxd4 33. Rxd4 Bxd4 34.
Rxa4 e5 35. Bc4 a5 36. b3 Rc5 37. Kf1 Kg7 38. Ra2 h4 39. Nc2 Bc3 40. f3 Bc6 41.
Ne1 Bb5 42. Be2 Bd7 43. Nd3 Rc8 44. Nb2 Bf5 45. Bd3 Bxb2 46. Bxf5 Rc1+ 47. Ke2
Rg1 48. Be4 f5 49. Bd5 Rxg2+ 50. Kd3 Rh2 51. Bc6 Kh6 52. Kc4 Kg5 53. Be8 Rc2+
54. Kb5 Rg2 55. Rxa5 Kf4 56. Ra6 Kxf3 57. Bxg6 e4 58. Kc4 Rc2+ 59. Kd5 Rd2+ 60.
Ke6 f4 61. Ra4 e3 62. Bh5+ Kg3 63. Re4 Rd4 64. Re5 Rd6+ 0-1